[Event "POL-ch 54th"]
[Site "Sopot"]
[Date "1997.??.??"]
[Round "6"]
[White "Murdzia, Piotr"]
[Black "Krasenkow, Michal"]
[Result "0-1"]
[WhiteElo "2425"]
[BlackElo "2615"]
[Annotator "Huebner,R"]
[PlyCount "114"]
[EventDate "1997.03.18"]
[EventType "tourn"]
[EventRounds "15"]
[EventCountry "POL"]
[EventCategory "9"]
[SourceTitle "CBM 059"]
[Source "ChessBase"]
[SourceDate "1997.08.01"]
[SourceVersion "1"]
[SourceVersionDate "1997.08.01"]
[SourceQuality "1"]

1. d4 d5 2. Nf3 Nf6 3. e3 Bf5 4. c4 e6 5. Nc3 c6 6. Bd3 Bxd3 7. Qxd3 Nbd7 8. e4
dxe4 9. Nxe4 Nxe4 10. Qxe4 Bb4+ 11. Bd2 Qa5 12. Qe3 c5 {Vielleicht ist dies
verfrüht. Läufertausch führt zum Ausgleich.} 13. O-O O-O (13... Bxd2 14. Nxd2
cxd4 15. Qxd4 Nf6 16. Ne4 $11) 14. Rfd1 Rad8 15. a3 (15. Bxb4 $5 {kommt in
Betracht:} Qxb4 (15... cxb4 16. a3 $14) 16. b3 $14) 15... Bxd2 16. Rxd2 b6 17.
dxc5 bxc5 18. Rad1 Nf6 19. h3 Rxd2 20. Rxd2 Rb8 21. Qe5 (21. Ne5 {sieht
natürlicher aus; nach} Qc7 (21... Rc8 22. f4 {schafft dem Schwarzen keine
besseren Möglichkeiten}) 22. f4 {ist die Stellung des Schwarzen freudlos.})
21... Rc8 22. b4 {Dies sieht gut aus, stürzt den Weißen aber nur in Gefahren;
besser war} (22. Qe3 {gefolgt von Sf3-e5.}) 22... Qa4 23. b5 h6 (23... Qxc4 {
verspricht nicht mehr:} 24. Qc7 Rf8 25. Rd8 Qxb5 26. Rxf8+ Kxf8 27. Ng5 Qb1+ (
27... Qd7 28. Nxh7+ $16) (27... Qe8 28. Qxc5+ Qe7 29. Qc8+ Qe8 (29... Ne8 30.
Nxh7+ Kg8 31. Ng5 Kf8 $11) 30. Qc5+ $11) 28. Kh2 Qg6 29. Qxc5+ Ke8 30. Nf3 $11)
24. Rd6 $6 (24. Qc3 {war stärker} Ne4 25. Qc2 Qxc2 26. Rxc2 Rd8 27. Re2 Rd1+
28. Re1 Rxe1+ 29. Nxe1 Nd2 (29... Kf8 30. Nd3 Ke7 31. f3 Nd2 (31... Nd6 32. Nb2
{ist nicht besser}) 32. Nb2 {läßt dem Weißen das bessere Spiel.}) 30. Nd3 Nxc4
31. a4 Kf8 32. Nxc5 Ke7 33. Kf1 Kd6 34. Nb3 {Weiß sollte remis halten können.})
24... Qxc4 25. Rc6 Rd8 26. Rxc5 Rd1+ 27. Kh2 Qf1 28. Qe3 (28. Kg3 Qd3 29. Kh2
Qb1 {leistete keinen zäheren Widerstand.}) 28... Kh7 29. a4 ({Der Turm muß das
Feld h5 bewacht halten:} 29. Rc7 Nh5 {mit baldigem Matt.}) 29... g5 {Jetzt hat
Weiß keine befriedigende Verteidigung gegen die Drohung 30...Dh1+ 31.Kg3 Sh5+.}
30. g4 (30. Nxg5+ hxg5 31. Rxg5 (31. Qxg5 Qg1+ 32. Kg3 Ne4+ $19) 31... Re1 {
ist hoffnungslos für Weiß.}) 30... Nd5 $6 ({Einfacher scheint mir} 30... Qh1+
31. Kg3 Rg1+ 32. Nxg1 Ne4+ 33. Qxe4+ Qxe4 $19) 31. Rxd5 Rxd5 32. Qxa7 Kg7 33.
Qe3 Rd3 34. Qe5+ Kg8 35. Qb8+ Kh7 36. Qg3 Qe2 37. Kg2 Qe4 38. a5 Qb7 39. a6
Qxb5 40. Qc7 Qd7 41. Qc2 Qd5 42. a7 Qxf3+ 43. Kh2 Qxh3+ 44. Kg1 Qxg4+ 45. Kh2
Qh5+ 46. Kg2 Qf3+ 47. Kh2 f5 48. a8=Q Qh3+ 49. Kg1 Qg4+ 50. Qg2 Rd1+ 51. Kh2
Qh4+ 52. Qh3 Rh1+ 53. Kxh1 Qxh3+ 54. Kg1 Qg4+ 55. Kf1 Kg6 56. Qc8 Qd1+ 57. Kg2
Qd5+ 0-1

[Event "DEN-ch playoff"]
[Site "Ronne"]
[Date "1999.09.26"]
[Round "2"]
[White "Nielsen, Peter Heine"]
[Black "Hansen, Sune Berg"]
[Result "1-0"]
[WhiteElo "2560"]
[BlackElo "2558"]
[Annotator "Huebner,R"]
[PlyCount "97"]
[EventDate "1999.09.25"]
[EventType "match"]
[EventRounds "4"]
[EventCountry "DEN"]
[SourceTitle "CBM 074"]
[Source "ChessBase"]
[SourceDate "2000.02.01"]
[SourceVersion "1"]
[SourceVersionDate "2000.02.01"]
[SourceQuality "1"]

1. d4 d5 2. c4 c6 3. Nf3 Nf6 4. e3 Bf5 5. Nc3 e6 6. Nh4 Bg4 7. Qb3 Qb6 8. h3
Bh5 9. g4 Bg6 10. Nxg6 hxg6 11. Bg2 Nbd7 (11... Na6 12. Bd2 Be7 13. g5 Nd7 14.
e4 $6 (14. h4 {war besser.}) 14... Qxb3 15. axb3 Nb4 16. O-O Nc2 17. Rac1 Nxd4
18. exd5 Nxb3 19. dxc6 bxc6 20. Bxc6 Rc8 21. Bxd7+ Kxd7 22. Rcd1 Rxc4 $17 {
0-1 Chiburdanidze,M-Liiva,R/Kalev 1997/EXT 98 (64)}) 12. Bd2 dxc4 $6 ({Dies
vergrößert unnötigerweise die Wirksamkeit des Läufers auf g2.} 12... Be7 {
führt zu gleichem Spiel.}) 13. Qxc4 Be7 14. O-O-O Qc7 15. Kb1 Rc8 $6 (15...
O-O-O {gefällt mir besser. Jetzt muß der König des Schwarzen im Zentrum
verharren, denn die kurze Rochade kommt nicht in Betracht; Weiß könnte rasch
einen entscheidenden Königsangriff aufbauen.}) 16. g5 Nd5 17. h4 N7b6 18. Qe2
Nxc3+ 19. Bxc3 Nd5 20. Bd2 Qb6 21. Ka1 Bb4 $6 (21... Bd6 $5) 22. e4 Ne7 23. Be3
Qc7 24. h5 Rxh5 25. Rxh5 gxh5 26. Qxh5 Ng6 27. Bh3 Ke7 28. f4 Rh8 29. Qf3 Ke8 (
29... Kf8 $5 {sieht besser aus.}) 30. d5 exd5 31. exd5 Bd6 32. dxc6 Qxc6 $2 ({
Schwarz mußte den Druck gegen den Punkt f4 aufrechterhalten. Nach} 32... bxc6
33. f5 (33. Bg2 Ne7 {ist nicht wirksamer)}) 33... Ne5 {hatte Schwarz
Überlebensaussichten.}) 33. Qf1 a6 34. Rc1 $6 ({Mit} 34. f5 {konnte Weiß dem
Turm auf h8 die Deckung entziehen und sofortigen Gewinn erzielen:} Ne5 (34...
Ne7 35. f6 gxf6 36. gxf6 Ng6 37. Rc1) (34... Nf8 35. f6) 35. Rc1 Qd7 36. f6
Qxh3 37. Qxh3 Rxh3 38. fxg7 {und Weiß bekommt eine neue Dame.}) 34... Qe4 35.
f5 $2 ({Nach} 35. Bg2 Qb4 ({Nach} 35... Qf5 36. Bxb7 {gewinnt Weiß mühelos.})
36. Qd1 {hat Schwarz keine befriedigende Verteidigung gegen die Drohung 37.a3,
zum Beispiel} Ke7 37. f5 Nf8 38. f6+ gxf6 39. gxf6+ Kd7 40. Bc5 Qf4 41. Bxd6
Qxd6 42. Qg4+ Qe6 43. Qb4 {mit baldigem Matt.}) 35... Ne7 36. Re1 Be5 $2 (36...
Qb4 {(mit der Drohung 37...Th3)} 37. Bg2 (37. a3 Qb3 {mit der Drohung 38...Le5
verbessert die Lage des Weißen nicht.}) 37... Be5 38. Bc1 f6 {sicherte dem
Schwarzen eine haltbare Stellung.}) 37. Bc5 Qd5 38. Bxe7 Kxe7 39. f6+ Kf8 40.
Rd1 $6 (40. Rc1 {führt zum Gewinn.} Bxb2+ 41. Kxb2 Qd4+ 42. Rc3 Qd2+ 43. Rc2
Qd4+ 44. Kb1 Qb4+ (44... Qb6+ 45. Rb2 {, und die Schachs gehen zu Ende.}) 45.
Kc1 Qa3+ 46. Kd1 {, und Weiß gewinnt.}) 40... Qa5 41. fxg7+ $2 ({Jetzt kann
Weiß nach} 41. Rc1 Bxb2+ 42. Kxb2 Qb6+ 43. Kc2 Qc5+ {dem Dauerschach nicht
entkommen.}) (41. Qc4 gxf6 42. g6 Qc7 43. Rd8+ Kg7 44. Qxc7 Bxc7 45. Rxh8 Kxh8
46. gxf7 Kg7 {führt zu einer Remisstellung.}) (41. Qf5 {verbürgt dagegen den
Sieg:} Qc7 42. Kb1 gxf6 (42... g6 43. Qg4 {, und Schwarz hat keine
Verteidigung gegen die Drohung Td1-c1.}) 43. gxf6 Rxh3 44. Qxh3 Bxf6 45. Qd7 {
, und Weiß gewinnt.}) 41... Kxg7 42. Rd7 Bf4 43. Be6 Rf8 44. Bd5 $6 ({
Aussichtsreicher ist vielleicht} 44. Bxf7 Rxf7 ({Auch nach} 44... Qxg5 45. Bd5+
{hat Schwarz es sehr schwer.}) 45. Rxf7+ Kxf7 46. Qxf4+ Kg6 47. Qf6+ Kh5 48. a3
Qxg5 49. Qf3+ {mit Gewinnaussichten im Damenendspiel.}) 44... Qd2 45. a3 ({
Nicht zum Gewinn führt} 45. g6 Be5 46. Qb1 Kh6 47. a3 (47. Qh1+ Kg5 48. Qg1+
Kh6 $11) (47. gxf7 Bxb2+ $11) 47... fxg6 48. Qxg6+ Kxg6 49. Be4+ Kf6 $11) 45...
Rc8 $2 ({Nach} 45... Qc1+ 46. Qxc1 Bxc1 47. Bxb7 a5 48. Rd5 Rb8 49. Rb5 Bf4 {
sollte Schwarz imstande sein, die Stellung zu halten. Der Textzug führt
unmittelbar zum Verlust.}) 46. Rxf7+ (46. Qh3 {gewann auch sofort.}) 46... Kg6
47. Qb1+ Kh5 48. Qh7+ Kg4 49. Be6+ 1-0

[Event "Bundesliga 9900"]
[Site "Germany"]
[Date "2000.03.12"]
[Round "12.3"]
[White "Conquest, Stuart"]
[Black "Ziegler, Ari"]
[Result "1-0"]
[WhiteElo "2563"]
[BlackElo "2372"]
[Annotator "Huebner,R"]
[PlyCount "79"]
[EventDate "1999.10.09"]
[EventType "team-tourn"]
[EventRounds "15"]
[EventCountry "GER"]
[SourceTitle "CBM 076"]
[Source "ChessBase"]
[SourceDate "2000.05.31"]
[SourceVersion "1"]
[SourceVersionDate "2000.05.31"]
[SourceQuality "1"]
[WhiteTeam "Delmenhorst"]
[BlackTeam "Wattenscheid"]
[WhiteTeamCountry "GER"]
[BlackTeamCountry "GER"]

1. d4 d5 2. c4 c6 3. Nf3 Nf6 4. e3 Bf5 5. Nc3 e6 6. Nh4 Be4 7. f3 Bg6 8. Qb3
Qb6 (8... Qc7 9. Bd2 Nbd7 10. cxd5 (10. O-O-O dxc4 11. Bxc4 b5 12. Be2 a6 {/\c5
}) (10. Rc1 Rc8 $10) 10... exd5 11. O-O-O {/\e4}) 9. Nxg6 hxg6 10. Bd2 (10. c5
$2 Qc7 11. e4 dxe4 (11... Nbd7 $6 12. e5 Nxc5 13. dxc5 Qxe5+ 14. Ne2 Bxc5 15.
Bf4 $16) 12. fxe4 (12. Bf4 $2 Qxf4 13. Qxb7 exf3 14. Qxa8 (14. gxf3 Qh4+ 15.
Ke2 Qxd4 16. Qxa8 Qe5+ 17. Kd1 Bxc5 $17) 14... Ne4 $1 15. Nxe4 Qxe4+ 16. Kf2
Qxd4+ 17. Kxf3 Qxb2 18. Bd3 Bxc5 $19) 12... Nbd7 {/\e5} 13. e5 Nxe5 14. dxe5
Qxe5+ 15. Ne2 O-O-O 16. Bf4 Qxc5 $17) 10... Nbd7 (10... Bd6 $5 11. O-O-O Qxb3
12. axb3 Rxh2 13. Rxh2 Bxh2 14. f4 Nbd7 (14... Bg3 15. Be2 {/\Rh1-h3}) (14...
g5 15. fxg5 Nh7 16. e4 $36) 15. Be2 O-O-O 16. Rh1 Rh8 17. g4 (17. Bf3 Rh6 18.
g4 Bg3) (17. Be1 Rh6 18. g3 Ne4 19. Nxe4 dxe4 20. Kd1 f5 21. Bf2 Nf6 22. Ke1 $2
Bxg3 $1 $19) 17... Ne4 18. Nxe4 dxe4 19. b4 $44 {ץh2}) 11. Bd3 (11. O-O-O Qxb3
12. axb3 Bd6 13. h3 a6 (13... Nh5 $5 14. Bd3 Ng3 15. Rhe1 O-O 16. cxd5 (16. e4
dxe4 17. fxe4 e5 18. d5 Bc5 19. Ne2 Nxe2+ 20. Rxe2 a5 $10) 16... cxd5 (16...
exd5 17. e4 dxe4 18. fxe4 $14) 17. e4 dxe4 18. fxe4 e5 19. Nb5 Be7 $13) 14. Bd3
Rc8 15. c5 $6 (15. Kb1 {>=} c5 16. cxd5 (16. g4 Nb6) 16... exd5 17. dxc5 Bxc5 (
17... Nxc5 18. Bc2 Ke7 19. Bc1 $14 {><d5}) 18. e4 $1 (18. Na4 Ba7 19. Rc1 O-O
$10) 18... Ne5 (18... dxe4 19. Nxe4 $14) 19. Bc2 d4 20. Bf4 Nxf3 21. gxf3 dxc3
22. bxc3 $14) 15... Bc7 $10 16. b4 (16. f4 Ba5 17. Kb1 Bxc3 18. bxc3 Ne4 $10)
16... e5 17. g4 Kf8 18. Rdf1 Re8 (18... g5 19. Kc2 Re8 20. Be1 g6 21. h4 $10)
19. h4 Re7 20. Kc2 Kg8 {1/2-1/2 Chuchelov,V-Dautov,R/BL2-W9596 1996/CBM 52/
[Dautov] (20)}) 11... Qxb3 {Dies ist nicht gut; Schwarz verbessert die
Bauernstruktur des Gegners. Besser ist} (11... Be7 12. Qxb6 axb6 13. O-O dxc4
14. Bxc4 b5 15. Bb3 O-O $11 {0-1 Chatalbashev,B-Meduna,E/Pardubice 1997/CBM 59
ext (44)}) 12. axb3 a6 13. Kf2 O-O-O 14. g4 Bd6 15. g5 Ng8 16. e4 $6 (16. f4
$14) 16... dxe4 17. fxe4 Bc5 18. Ne2 ({Ungünstig für Weiß ist die Fortsetzung} 
18. Be3 Ne5 19. dxe5 Bxe3+ 20. Kxe3 Rh3+) 18... e5 $2 (18... Bxd4+ {ist nicht
das Beste:} 19. Nxd4 Ne5 (19... Nc5 20. Bb1 Rxd4 21. Be3 Nxb3 22. Ra3 Rd2+ 23.
Bxd2 Nxd2 24. Bd3 {führt zu einer Gewinnstellung für Weiß.}) 20. Bb1 (20. Bc2 {
ist schwächer:} Rxd4 21. Bc3 Rd7 $15 {mit Vorteil für Schwarz.}) 20... Rxd4 21.
Bc3 c5 22. Ra5 {mit Vorteil für Weiß.}) ({Richtig ist} 18... Ne5 19. Bb1 Rxd4
20. Nxd4 Bxd4+ 21. Kg2 Bxb2 {, und Schwarz steht besser.}) 19. Ba5 Bb6 20. Bxb6
Nxb6 21. d5 Rh3 $2 (21... f5 {mußte versucht werden, um das Zentrum des Weißen
zu sprengen, Raum zu gewinnen und den Springern Wirkungsmöglichkeiten zu
schaffen.}) 22. Ng3 c5 23. b4 cxb4 24. Kg2 Rh4 25. c5 Nd7 26. Rhc1 Nb8 27. c6
Rd6 28. cxb7+ Kxb7 29. Rc4 Ne7 30. Rxb4+ Ka7 ({Besser gefällt mir} 30... Rb6
31. Rxb6+ Kxb6 32. Rf1 Rf4 33. Rxf4 exf4 34. Ne2 Nd7 35. Nxf4 a5 {, und
Schwarz sollte sich halten können.}) 31. Rc4 Rd7 32. Rf1 Rf4 33. Rxf4 exf4 34.
Ne2 Rb7 35. b4 Nd7 36. Nxf4 Ne5 37. Rd4 Rd7 38. b5 Nxd3 $2 (38... a5 {mußte
versucht werden.}) 39. Nxd3 axb5 40. Ne5 (40. Ne5 Rb7 41. d6 $18) 1-0

[Event "RUS-chT 12th"]
[Site "Sochi"]
[Date "2005.04.28"]
[Round "10"]
[White "Volkov, Sergey"]
[Black "Akopian, Vladimir Eduardovic"]
[Result "0-1"]
[WhiteElo "2634"]
[BlackElo "2703"]
[Annotator "Huebner,R"]
[PlyCount "92"]
[EventDate "2005.04.19"]
[EventType "team-tourn"]
[EventRounds "11"]
[EventCountry "RUS"]
[SourceTitle "EXT 2020"]
[Source "ChessBase"]
[SourceDate "2019.10.17"]
[SourceVersion "1"]
[SourceVersionDate "2019.10.17"]
[SourceQuality "1"]
[WhiteTeam "Saransk TPS"]
[BlackTeam "Sverdlovsk Ural region"]
[WhiteTeamCountry "RUS"]
[BlackTeamCountry "RUS"]

1. d4 d5 2. c4 c6 3. Nf3 Nf6 4. e3 Bf5 5. Nc3 e6 6. Nh4 Bg6 7. Nxg6 hxg6 8. Bd2
Nbd7 9. Rc1 Bd6 10. a3 (10. Qf3 O-O 11. h4 Re8 12. Be2 dxc4 13. Bxc4 e5 14. h5
Nb6 15. Bb3 gxh5 16. Ne4 exd4 17. Ng5 Re7 $17 {1-0 Yevseev,D-Ulibin,M/
Krasnoyarsk 2003/CBM 098 (59). (58)}) 10... dxc4 11. Bxc4 O-O 12. O-O e5 13.
dxe5 (13. Qc2 exd4 14. exd4 Nb6 15. Bb3 Nfd5 {sieht befriedigend für Schwarz
aus.}) 13... Nxe5 14. Be2 Qe7 15. Qa4 g5 16. Rcd1 (16. Ne4 {scheint mir
plausibler zu sein.}) 16... g4 17. Kh1 $6 (17. Ne4 {ist noch stets
befriedigend:} b5 (17... Nxe4 18. Qxe4 f5 19. Qa4 Qh4 20. f4 {ist für Schwarz
nicht ratsam.}) 18. Qc2 Nxe4 19. Qxe4 f5 20. Qc2 (20. Qd4 Rad8 21. Ba5 Rd7 22.
Qc3 Rf6 {verspricht dem Weißen nicht mehr.}) 20... Qh4 (20... Rf6 21. Bc3 Rh6
22. g3 {ist jedenfalls nicht gefährlich für Weiß.}) 21. g3 Qh3 22. f4 gxf3 23.
Bxf3 Nxf3+ 24. Rxf3 {mit gutem Spiel für Weiß.}) 17... b5 18. Qa6 $2 ({Nach} 
18. Qc2 Nf3 19. gxf3 gxf3 20. Qf5 fxe2 21. Nxe2 Ne4 22. Be1 (22. Ng3 Bxg3 23.
hxg3 Qe6 24. Qxe6 fxe6 25. Kg1 Rad8 26. Bc3 {genügt wohl auch zum Überleben.})
22... Rfd8 23. f3 {hat Schwarz keinen nennenswerten Vorteil.}) 18... Nf3 19.
Qxc6 (19. Bxf3 Qe5 20. g3 gxf3 21. Qxc6 Qh5 22. Ne4 Ng4 23. h4 Be7 24. Kg1 Bxh4
25. gxh4 Ne5 26. Nf6+ gxf6 27. Qe4 Kh8 {, und Schwarz gewinnt.}) 19... Qe5 20.
Qxd6 (20. g3 Qh5 {führt zu dem Abspiel, das beim 19. Zuge von Weiß angegeben
ist.}) 20... Qxd6 21. gxf3 Qc6 $6 (21... b4 22. axb4 (22. Nb5 Qe5 23. fxg4 Qxb2
) 22... Qxb4 23. Bc1 Qb7 {ist genauer.}) 22. e4 $2 (22. Nxb5 {bietet
Möglichkeiten zum Widerstand.}) 22... gxf3 23. Bxf3 Rad8 $19 24. Bg2 Qc4 25. h3
Rfe8 26. Be3 Rxd1 27. Rxd1 a5 28. Bf1 Qc8 29. Rd4 Re5 30. Bf4 Rh5 31. Kg1 Rxh3
32. e5 Nh5 33. Bd2 Rf3 34. Nxb5 Qf5 35. Nc3 Ng3 36. e6 fxe6 37. Bc4 Qh3 38.
fxg3 Qxg3+ 39. Kh1 Qh3+ 40. Kg1 Rg3+ 41. Kf2 Qh2+ 42. Ke1 Qg1+ 43. Bf1 Qxd4 44.
Ne2 Qe4 45. Bxa5 Rf3 46. Bd2 Qh4+ 0-1

[Event "Nordic-ch VISA"]
[Site "Reykjavik"]
[Date "1997.10.14"]
[Round "6"]
[White "Nilssen, John Arni"]
[Black "Hector, Jonny"]
[Result "0-1"]
[WhiteElo "2315"]
[BlackElo "2470"]
[Annotator "Huebner,R"]
[PlyCount "68"]
[EventDate "1997.10.08"]
[EventType "tourn"]
[EventRounds "13"]
[EventCountry "ISL"]
[EventCategory "10"]
[SourceTitle "CBM 062"]
[Source "ChessBase"]
[SourceDate "1998.01.31"]
[SourceVersion "1"]
[SourceVersionDate "1998.01.31"]
[SourceQuality "1"]

1. d4 d5 2. c4 c6 3. Nf3 Nf6 4. e3 Bf5 5. Bd3 e6 6. O-O Be7 7. Nc3 O-O (7...
Nbd7 8. Qc2 Bg6 9. e4 dxc4 10. Bxc4 O-O 11. Bd3 Rc8 12. Bg5 c5 13. e5 Nh5 14.
Bxg6 fxg6 15. Be3 b6 16. Qa4 cxd4 17. Nxd4 Nc5 18. Qc4 Nf4 19. g3 Nfd3 20. b4
Nxe5 21. Qb5 Ncd3 22. Nxe6 {Hallberg,F-Hector,J/Rilton Cup96/97 1996/EXP 57/
0-1 (32)}) 8. b3 Nbd7 9. Bb2 (9. Bxf5 exf5 10. Qd3 Bb4 11. Ne2 g6 12. Bb2 Re8
13. Rfd1 Qe7 14. Rac1 Qe4 15. Ne5 Rad8 16. Nf4 Qxd3 17. Nexd3 Bd6 18. cxd5 cxd5
19. Rc2 Nf8 20. Rdc1 Ne6 21. g3 g5 22. Nxe6 fxe6 23. a4 Nd7 {Hoi,C-Hector,J/
Copenhagen PC 1991/EXT 91op/1/2-1/2 (49)}) 9... Qa5 10. Qc2 dxc4 11. Bxf5 Qxf5
12. Qxf5 exf5 13. bxc4 Nb6 14. Nd2 Rfd8 15. a4 $2 {Weiß schwächt
unnötigerweise das Feld b4. Besser war} (15. g3 {nebst Ta1-c1 mit etwa
ausgeglichener Stellung.}) 15... a5 16. g3 Bb4 17. Rfd1 (17. c5 Bxc5 18. dxc5
Rxd2 19. Bc1 Rd3 20. cxb6 Rxc3 21. Bb2 Rb3 22. Bxf6 gxf6 {bietet wohl keine
Rettungsaussichten.}) 17... c5 18. d5 Ne8 19. Ncb1 Nd6 20. Rc1 Re8 21. Bc3 Rac8
22. Na3 Nxa4 23. Bxb4 axb4 24. Nb5 Nxb5 25. cxb5 Nc3 26. Kf1 Rcd8 27. Nc4 Rxd5
28. b6 g5 29. Ra7 Rb8 30. Na5 Rd7 31. Nc6 Rc8 32. Na5 c4 33. Nxb7 b3 34. Nc5 b2
0-1

[Event "London Challenge m"]
[Site "London"]
[Date "1999.04.08"]
[Round "2"]
[White "Hebden, Mark"]
[Black "Arkell, Keith C"]
[Result "1/2-1/2"]
[WhiteElo "2556"]
[BlackElo "2438"]
[Annotator "Huebner,R"]
[PlyCount "115"]
[EventDate "1999.04.??"]
[EventType "match"]
[EventRounds "6"]
[EventCountry "ENG"]
[SourceTitle "CBM 071"]
[Source "ChessBase"]
[SourceDate "1999.08.01"]
[SourceVersion "1"]
[SourceVersionDate "1999.08.01"]
[SourceQuality "1"]

1. d4 d5 2. Nf3 Nf6 3. c4 c6 4. e3 Bf5 5. cxd5 cxd5 6. Qb3 Qc7 7. Bd2 Nc6 8.
Bb5 e6 9. O-O Bd6 10. Bb4 O-O 11. Bxc6 bxc6 (11... Bxb4 12. Qxb4 Qxc6 13. Ne5
Qc7 14. Nd2 $14 {1-0 Rotstein,A-Van der Werf,M/Wijk aan Zee 1993/CBM 34 (40)})
12. Nbd2 Rfb8 13. Bxd6 Qxd6 14. Qc3 Qb4 15. Qxb4 Rxb4 16. b3 Nd7 17. Rfc1 Rb6
18. Rc3 a5 19. a3 f6 20. Rac1 Rc8 21. Nh4 Bg4 22. f3 Bh5 23. g4 Bf7 24. f4 h6
25. Nhf3 Kf8 26. e4 g5 27. exd5 exd5 28. Ne1 gxf4 29. Nd3 Ke7 30. Nxf4 Rg8 31.
Rg3 Kd6 32. Nf1 Bg6 33. Nxg6 Rxg6 34. Ne3 Nf8 35. Nf5+ Kd7 36. Rc5 Ra6 37. Rcc3
Ne6 38. h4 Ng7 39. Rcf3 Nxf5 40. gxf5 Rxg3+ 41. Rxg3 Rb6 42. Kf2 Rb8 43. h5 Re8
44. Rg7+ Kd6 45. Rf7 Re4 46. Rxf6+ Kd7 47. Rxh6 Rxd4 48. Rh8 Ke7 49. Kg3 Kf6
50. Rf8+ Kg5 51. f6 Rg4+ 52. Kf3 Rh4 53. f7 Kf6 54. Ke3 Rxh5 55. Kd4 Rh3 56.
Rc8 Kxf7 57. Rc7+ Ke8 58. Rxc6 1/2-1/2

[Event "Maribor Pirc Memorial"]
[Site "Maribor"]
[Date "1996.??.??"]
[Round "?"]
[White "Loncar, Robert"]
[Black "Beliavsky, Alexander G"]
[Result "1-0"]
[WhiteElo "2455"]
[BlackElo "2615"]
[Annotator "Huebner,R"]
[PlyCount "81"]
[EventDate "1996.05.??"]
[EventType "tourn"]
[EventRounds "11"]
[EventCountry "SLO"]
[EventCategory "10"]
[SourceTitle "CBM 055"]
[Source "ChessBase"]
[SourceDate "1996.12.01"]
[SourceVersion "1"]
[SourceVersionDate "1996.12.01"]
[SourceQuality "1"]

1. Nf3 {Tisdall} d5 2. c4 c6 3. e3 Nf6 4. d4 Bf5 {A common reaction to white's
refusal to develop his knight to c3, which sidesteps the Slav proper by
defending c4, and may also create move order problems in the Semi-Slav.} 5. Bd3
{An unassuming approach for white that aims for a small but annoying advantage.
} Bxd3 6. Qxd3 e6 7. O-O Nbd7 8. Nc3 Bb4 9. Bd2 Bxc3 (9... O-O $2 10. Nxd5 Nxd5
11. cxd5 Bxd2 12. dxe6) 10. Bxc3 O-O 11. Nd2 Rc8 (11... Qe7 $5 12. e4 dxe4 13.
Nxe4 Nxe4 14. Qxe4 Qd6 15. Rfe1 b5 16. b3 bxc4 17. bxc4 Qa3 {provokes a sis by
aiming to attack c4. However white gets dangerous attacking chances:} 18. Re3
$5 (18. Rac1 Nb6 19. Qg4 $36 {is safer.}) 18... Qa4 19. Rh3 h6 20. Qe2 Nb6 21.
Rc1 Nxc4 22. d5 cxd5 23. Qg4 d4 24. Rg3 g6 25. Qxd4 e5 26. Qe4 Rfd8 27. h4 Rd1+
28. Rxd1 Qxd1+ 29. Kh2 Rc8 30. Rxg6+ {1-0 Bondarevsky,I-Rauzer,V/URS-ch10
Tbilisi ;URS-ch 1937}) (11... c5 {Tisdall} 12. dxc5 (12. Rfd1 Rc8 13. Qe2 Qe7
14. dxc5 Nxc5 15. Rac1 Na4 {- Stahlberg,G-Unzicker,W/Saltsjobaden izt (03) ;
IZT 1952}) 12... Nxc5 13. Qd4 Rc8 14. Rad1 dxc4 15. Nxc4 Qxd4 16. Bxd4 Nce4 17.
Ne5 a6 18. f3 Nd6 19. Rc1 $14 {1-0 Bondarevsky,I-Gligoric,S/Saltsjobaden izt 
(18) ;IZT 1948 (41)}) 12. Rfd1 (12. Rac1 {Tisdall} c5 13. Rfd1 Qe7 14. cxd5
Nxd5 15. e4 Nxc3 16. Qxc3 cxd4 17. Qxc8 Rxc8 18. Rxc8+ Nf8 19. e5 Qb4 20. b3
Qa5 {gave black excellent counterplay in Andersson,U-Van der Wiel,J/Haninge ;
CBM 13 1989/ - (70)}) 12... Re8 13. e4 dxe4 14. Nxe4 Nxe4 15. Qxe4 b5 $6 {
Dies unnötig ist riskant. Nach} (15... Nf6 {ist die Stellung natürlich
ausgeglichen.}) 16. cxb5 {In this way white avoids a potential weakness at c4
and liberates his forces.} cxb5 {Nach} (16... Nf6 17. Qd3 cxb5 18. Qxb5 Nd5 {
konnte Schwarz natürlich auch nicht mehr als knappen Ausgleich erhoffen.}) 17.
d5 e5 (17... Nf6 18. Bxf6 Qxf6 19. d6 Red8 20. Rd2 {and the passed d-pawn
guarantees white a lasting initiative. ist unbequem für Schwarz.} (20. Qb7 Qxb2
21. d7 Rc2 22. Qxa7 h6)) (17... exd5 18. Qxd5 Nc5 19. Qf5 {überläßt dem Weißen
das bequemere Spiel, doch sollte Schwarz sich halten können.}) 18. Qb4 {
Jetzt ist Schwarz schon in einigen Schwierigkeiten: er bleibt mit einer
fühlbaren Bauernschwäche am Damenflügel zurück, und der d-Bauer des Weißen ist
gefährlich. Ich sehe davon ab zu untersuchen, ob Schwarz sich in folgenden
besser verteidigen konnte; wahrscheinlich war dies möglich, aber die richtigen
Manöver sind nicht einfach zu finden.} a6 19. a4 Rc5 (19... Rc4 20. Qd6 bxa4
21. Qxa6 Qh4 22. d6 $16) 20. axb5 Rxb5 21. Qc4 Qb6 22. Qc6 Nf6 23. h3 (23. Rxa6
Rxd5 $1 24. Rxd5 Qxc6 25. Rxc6 Nxd5 $10) 23... h6 (23... Qxc6 $2 {Tisdall} 24.
dxc6 Rb6 25. c7 Rc6 26. Bxe5 $1 Rxe5 27. Rac1 $1 $18) 24. Rxa6 Qxc6 25. dxc6
$18 Nd5 26. Ba5 Rc8 27. Rc1 Kf8 (27... Rxb2 {Tisdall} 28. c7 (28. Rc5 Ne7 29.
c7 f6) 28... Ne7 29. Rb6 Rxb6 (29... Ra2 30. Bb4) 30. Bxb6 $16) 28. Rc2 Ke7 29.
Ra7+ Ke6 30. g3 Ne7 31. c7 Kd7 32. Ra6 Nd5 33. Rd2 Ke7 34. Kg2 f5 {g6.} (34...
Nxc7 $4 {Tisdall} 35. Ra7 Rc5 36. Bb4) 35. h4 h5 36. b3 e4 (36... f4 {Tisdall}
37. Re2 Nxc7 38. Ra7 Kd6 39. Bxc7+ Rxc7 40. Rd2+) 37. Rd4 Ke8 38. b4 Ke7 39.
Rg6 Kf7 40. Rd6 Ne7 41. Rd8 1-0